000 00506nam a2200181Ia 4500
005 20250508150924.0
008 008 250505s9999 xx 000 0 eng d
037 _aTextual
040 _aFEDL
_beng
_cFEDL
041 _aeng
_2eng
084 _a973, PYN
_qFEDL
100 _aPyne Mable
_9757956
245 0 _aLittle history of the united states
260 _aBoston, USA
_bHoughton Mifflin Company
_c1940
546 _aWeeded out
942 _cTEXL
_h973, PYN
999 _c1326495
_d1326495